| 000 | 00507cam a2200181 4500 | ||
|---|---|---|---|
| 001 | D1092 | ||
| 008 | 090401t1983 xxu||||| |||| 00| 0 eng d | ||
| 035 | _a(Sirsi) u62513 | ||
| 041 | _aeng | ||
| 050 | _a690.25 | ||
| 110 |
_aAssociation of Metropolitan Authorities _91383 |
||
| 245 | _aDefects in housing Part 1: non-traditional dwellings of the 1940s and 1950s. Technical appendices | ||
| 260 |
_aLondon _bAMA _c1983 |
||
| 300 | _a95p. illus. 30cm | ||
| 350 | _a10 | ||
| 942 | _n0 | ||
| 948 | _c04/03/1997 | ||
| 999 |
_c94430 _d94430 |
||